Normal view
MARC view
Entry Personal Name
001 - CONTROL NUMBER
- control field: 48915
003 - CONTROL NUMBER IDENTIFIER
- control field: AUA.1
005 - DATE AND TIME OF LATEST TRANSACTION
- control field: 20150405163344.0
008 - FIXED-LENGTH DATA ELEMENTS
- fixed length control field: 150405|||a|||||| | ||| d
040 ## - CATALOGING SOURCE
- Original cataloging agency: AUA.1
- Transcribing agency: AUA.1
100 ## - HEADING--PERSONAL NAME
- Personal name: Losie, Lynn Allan
670 ## - SOURCE DATA FOUND
- Source citation: Work cat.: (AUA.1): DeVries, Simon J. 18343, Word Biblical commentary :, c2003.